000 00236 a2200097 4500
001 5956
100 _aCopson,ET
245 _aIntroduction to the theory of functions of a complle variable
260 _a
_bOxford
_c
090 _c4863
_d4863
942 _aNUST-CAE
_cM
_c31226
999 _c241029
_d241029